000 00924nam a2200229 a 4500
001 83172
003 BD-RjUL
005 20240228110419.0
008 240228s2013 ii ||||| |||| 00| 0 ben d
020 _a9788129517890
035 _a(BD-RjUL)83172
040 _aBD-RjUL
_beng
_cBD-RjUL
041 _aben
082 _223
_a891.44309
_bCHS 2013
100 _aচট্টোপাধ্যায়, হীরেন
_911935
245 _aসাম্প্রতিক কথাসাহিত্য /
_cহীরেন চট্টোপাধ্যায়
260 _aকলকাতা :
_bদে’জ পাবলিশিং,
_c২০১৩
300 _a৪৬৪ পৃ.;
_c২৩ সেমি.
650 _aবাংলা সাহিত্য
_xগল্প
_xইতিহাস ও সমালোচনা
_911947
650 _aBengali Literature
_xStories
_xHistory and Criticism
_911948
942 _2ddc
_cBK
999 _c83172
_d83172